• 首页
  • 本馆介绍
  • 公告通知
  • 最新文献
  • 馆藏检索
  • 电子资源
  • 读者导购
  • 参考咨询
  • 我的图书馆
  • 登录
  • 详细信息显示
  • 放入我的书架
  • 预约/预借图书
  • 作者相关作品
  • 分类相关作品
  • 丛书相关作品
  • 出版社相关作品

书目信息

  • 表格格式
  • 工作单格式
  • 卡片格式
题名:
陈胜 吴广
    
 
作者: 洪世涤 著
分册:  
出版信息: 上海   上海人民出版社  1972
页数: 54页
开本: 19cm
丛书名:
单 册:
中图分类: K827.33
科图分类:
主题词:
电子资源:
ISBN:
000 00650nam2 2200241 45
001 0194024752
005 20060728104229.57
010    @dCNY0.13
100    @a19940517d1972 demy0chiy0121 ea
101 0  @achi
102    @aCN@b310000
102    @aCN@b310000
105    @af z 000yc
200 10 @a陈胜 吴广@ACHEN SHENG WU GUANG@f洪世涤著@Fhong shi di zhu
210    @a上海@c上海人民出版社@d1972
215    @a54页@d19cm
540 1  @a陈胜 吴广@ACHEN SHENG WU GUANG
600  0 @a陈胜@x传记
600  0 @a吴广@x传记
690    @aK827.33@v三版
701  0 @a洪世涤@Ahong shi di@4著
801  0 @aCN@bTSSF@c20060728
905    @a10447@dK827.33@e344
    
    陈胜 吴广/洪世涤著.-上海:上海人民出版社,1972
    54页;19cm
    
    
    ISBN :CNY0.13
    
●
相关链接 在E读中查询图书 在五车中查询图书 在当当中查询图书 在豆瓣中查询图书


正题名:陈胜 吴广     索取号:K827.33/344         预约/预借

序号 登录号 条形码 馆藏地/架位号 状态 备注
1 0436935   204369352   密集书库/ [索取号:K827.33/344] 在馆    
唐山师范学院图书馆 欢迎您!
大连网信软件有限公司© 版权所有